The analysis of variance /

Guardado en:
Autor Principal: Scheffé, Henry, 1907-
Formato: Libro
Idioma:English
Publicado: New York : Wiley, c1959.
Series:Wiley series in probability and mathematical statistics
Etiquetas: Agregar Etiqueta
Sin Etiquetas, Sea el primero en etiquetar este registro!
LEADER 01296cam a22001935 4500
001 MAT.inmabb002117
008 731016s1959####nyua#####b####001#0#eng#d
005 20130315144519.0
245 1 4 |a The analysis of variance /  |c Henry Scheffé. 
260 |a New York :  |b Wiley,  |c c1959. 
300 |a xvi, 477 p. :  |b il. ;  |c 24 cm. 
440 2 |a Wiley series in probability and mathematical statistics 
504 |a Bibliografía: p. 457-465. 
505 0 |a Pt. I, The analysis of variance in the case of models with fixed effects and independent observations of equal variance -- 1. Point estimation -- 2. Construction of confidence ellipsoids and tests in the general case under normal theory -- 3. The one-way layout. Multiple comparison -- 4. The complete two-, three-, and higher-way layouts. Partitioning a sum of squares -- 5. Some incomplete layouts: latin squares, incomplete blocks, and nested designs -- 6. The analysis of covariance -- Pt. II, The analysis of variance in the case of other models -- 7. Random-effects models -- 8. Mixed models -- 9. Randomization models -- 10. The effects of departures from the underlying assumptions. 
510 4 |a MR,  |c 22 #7217 
100 1 |a Scheffé, Henry,  |d 1907- 
084 |a 62J10 (62-01)  |2 msc2000 
010 |a  59014994  
859 |h 62  |i Sc316  |p A-3771  |b BIB. MATEMATICA